[Event "Rodovre-ch B"]
[Site "Rodovre"]
[Date "2006.10.03"]
[Round "5"]
[White "Johansen, Erik"]
[Black "Kuehlmann, Per"]
[Result "1/2-1/2"]
[WhiteElo "1558"]
[BlackElo "1514"]
[PlyCount "80"]
[EventDate "2006.09.05"]
[EventType "tourn"]
[EventRounds "7"]
[EventCountry "DEN"]
[SourceTitle "EXT 2023"]
[Source "ChessBase"]
[SourceDate "2022.10.05"]
[SourceVersion "1"]
[SourceVersionDate "2022.10.05"]
[SourceQuality "1"]

1. e4 e5 2. Nf3 d6 3. d4 exd4 4. Nxd4 Be7 5. Nc3 Nf6 6. Be2 a6 7. 0-0 b5 8. a3 Bb7 9. Nf5 0-0 10. f3 Bc8 11. g4 Nc6 12. Kh1 Ne5 13. Rg1 Kh8 14. Nxe7 Qxe7 15. g5 Ne8 16. f4 Nc4 17. Nd5 Qe6 18. Bf3 Rb8 19. c3 c6 20. f5 Qd7 21. Nf4 Bb7 22. Rg3 Ne5 23. Bg2 d5 24. exd5 cxd5 25. Qd4 Qxf5 26. Bd2 Ng6 27. Nh5 Qe5 28. Be3 Nd6 29. Qxe5 Nxe5 30. Bd4 Rbe8 31. Re1 Ne4 32. Rge3 Re6 33. Nf4 Re7 34. Bxe4 dxe4 35. Bc5 Rfe8 36. Bxe7 Rxe7 37. Kg1 Nf3+ 38. Kf2 Nxe1 39. Kxe1 f5 40. h4 g6 1/2-1/2